000 00932nam a2200253 a 4500
001 000023050
005 20200930021945.0
008 101125s1996 mx ad 001 0 spa d
020 _a9688807230
040 _aDO-SdBNP
_bspa
_cBNPHU
082 _a629.8
_bK966s, 1996
100 1 _aKuo, Benjamín C.,
_d1930-
_947433
245 1 0 _aSistemas de control automático /
_cBenjamín C. Kuo ; traducción de Guillermo Aranda Pérez ; revisión técnica de Fransisco Rodríguez Ramírez.
250 _a7a ed.
260 _aMéxico, D. F. :
_bPrentice Hall Hispanoamericana,
_c1996.
300 _axxiv, 897 p. :
_bil., diag. ;
_c25 cm.
500 _aIncluye índice alfabético.
650 4 _aControl automático
_947434
650 4 _aSistemas de recolección automática de datos
_947435
700 1 _aAranda Pérez, Guillermo,
_etr.
_947436
700 1 _aRodríguez Ramírez, Fransisco,
_erev.
_947437
910 _aWM
049 _aBNGR
999 _c22547
_d22547